Plan para la renovación de la Diputació de Barcelona : documento del plan de desarrollo operativo documento del plan de desarrollo operativo
ISBN:
84-7794-292-7
Descripción Física:
65 p. ; 30 cm
MARC
| LEADER | 00000nam a2200000Ia 4500 | ||
|---|---|---|---|
| 001 | 11658 | ||
| 008 | 160829s1996 xx 000 0 cat d | ||
| 020 | |a 84-7794-292-7 | ||
| 080 | |a M-3-216 | ||
| 110 | 1 | |a Barcelona (Catalunya : Província). |b Diputació |9 52408 | |
| 245 | |a Plan para la renovación de la Diputació de Barcelona : |b documento del plan de desarrollo operativo | ||
| 250 | |a 1a reimp. | ||
| 260 | |a Barcelona : |b Diputació de Barcelona, |c 1996 | ||
| 300 | |a 65 p. ; |c 30 cm | ||
| 590 | |a Una altra reimpressió en català: M-3-215 | ||
| 610 | 1 | 0 | |a Barcelona (Catalunya : Província). |b Diputació |v Planificació |9 52706 |
| 901 | |a Arxiu | ||
| 942 | |n 1 | ||
| 952 | |0 0 |1 0 |4 0 |6 M3216 |7 1 |9 48014 |a Arxiu |b Arxiu |d 2016-12-01 |l 0 |o M-3-216 |p 11658 |r 2016-12-01 00:00:00 |w 2016-12-01 |y ARXIU | ||
| 999 | |c 51815 |d 51815 | ||